| 000 | 00483nam a2200205Ia 4500 | ||
|---|---|---|---|
| 008 | 240509s9999 xx 000 0 und d | ||
| 020 | _a0000139016619 | ||
| 041 | _aEng | ||
| 082 | _a005.756 | ||
| 082 | _bT19 | ||
| 100 | _aTAYLOR A. | ||
| 245 | 0 | _aJDBC DEVELOPER'S RESOURCE :( With CD) | |
| 250 | _a2nd ed. | ||
| 260 | _bNEW JERSEY : PRINTICE HALL | ||
| 260 | _c1999 | ||
| 300 | _a648 p. | ||
| 650 | _aJDBC : DATABASE MANAGEMENT : JAVA | ||
| 942 | _2ddc | ||
| 942 | _cLBK | ||
| 999 |
_c22617 _d22617 |
||
| 945 |
_a1 _bMadushi Gamage _c1 _dMadushi Gamage |
||